The ballad of Bant Singh : (Record no. 100140)

MARC details
000 -LEADER
fixed length control field 00618nam a22001937a 4500
005 - DATE AND TIME OF LATEST TRANSACTION
control field 20230530155004.0
010 ## - LCCN (DPL NO)
LC control number ENG-115177
020 ## - INTERNATIONAL STANDARD BOOK NUMBER
International Standard Book Number 9789385288302
Terms of availability 250.00
035 ## - SYSTEM CONTROL NUMBER
System control number EN-98709
037 ## - SOURCE OF ACQUISITION
Source of stock number/acquisition DBAD/PUB
082 ## - DEWEY DECIMAL CLASSIFICATION NUMBER
Classification number 305.56880954552
100 ## - MAIN ENTRY--PERSONAL NAME
Personal name Dutt, Nirupama
245 ## - TITLE STATEMENT
Title The ballad of Bant Singh :
Remainder of title a qissa of courage /
Statement of responsibility, etc by Nirupama Dutt
260 ## - PUBLICATION, DISTRIBUTION, ETC. (IMPRINT)
Place of publication, distribution, etc New Delhi
Name of publisher, distributor, etc Speaking Tiger
Date of publication, distribution, etc 2016
270 ## - ADDRESS
Address 4381/4, Ansari Road, Daryaganj,
City New Delhi
Postal code 110002
300 ## - PHYSICAL DESCRIPTION
Extent 213p.
Dimensions 20cm(pbk)
500 ## - GENERAL NOTE
General note Includes bibliographical references
942 ## - ADDED ENTRY ELEMENTS (KOHA)
Source of classification or shelving scheme Dewey Decimal Classification
Item type English Books
Call number suffix DUT
Classification part 305.56880954552
Holdings
Withdrawn status Lost status Not for loan Collection code Home library Current library Date acquired Source of acquisition Cost, normal purchase price Full call number Barcode Copy number Cost, replacement price Koha item type
      Non-fiction Ashok Vihar Ashok Vihar 31/05/2016 DBAD/PUB 250.00 305.56880954552 DUT EN-98709 1 250.00 English Books

© Delhi Public Library
Hit Counter
free hit counter